header

Solid-state microwave high-power amplifiers (Record no. 208843)

MARC details
000 -LEADER
fixed length control field 01352nam a22003494a 4500
082 04 - DEWEY DECIMAL CLASSIFICATION NUMBER
Classification number 621.381/325
100 1# - MAIN ENTRY--AUTHOR NAME
Personal name Sechi, Franco.
245 10 - TITLE STATEMENT
Title Solid-state microwave high-power amplifiers
260 ## - PUBLICATION, DISTRIBUTION, ETC. (IMPRINT)
Place of publication Boston :
Name of publisher Artech House,
Year of publication c2009.
300 ## - PHYSICAL DESCRIPTION
Number of Pages xi, 315 p. :
Other physical details ill.
490 1# - SERIES STATEMENT
Series statement Artech House microwave library
650 #0 - SUBJECT ADDED ENTRY--TOPICAL TERM
Topical Term Power amplifiers
Topical Term Microwave amplifiers
700 1# - ADDED ENTRY--PERSONAL NAME
Personal name Bujatti, Marina.
856 40 - ELECTRONIC LOCATION AND ACCESS
Uniform Resource Identifier http://site.ebrary.com/lib/rucke/Doc?id=10359024

No items available.

© 2026 Rongo University
Contact us: librarian | system librarian | Rongo university